Histoire Diplomatique De L'europe Depuis L'ouverture Du Congrès De Vienne Jusqu'à La Fermeture Du Congrès De Berlin (1814-1878). (Record no. 54785)
[ view plain ]
| 000 -LEADER | |
|---|---|
| fixed length control field | 01101nam a22002897i 4500 |
| 003 - CONTROL NUMBER IDENTIFIER | |
| control field | EG-GICUC |
| 005 - DATE AND TIME OF LATEST TRANSACTION | |
| control field | 20260121101651.0 |
| 008 - FIXED-LENGTH DATA ELEMENTS--GENERAL INFORMATION | |
| fixed length control field | 260106s1891 fr ||||fr||| 00|10 ffre d |
| 040 ## - CATALOGING SOURCE | |
| Original cataloging agency | EG-GiCUC |
| Transcribing agency | EG-GiCUC |
| Modifying agency | EG-GiCUC |
| Description conventions | Rda |
| 082 04 - DEWEY DECIMAL CLASSIFICATION NUMBER | |
| Edition number | 21 |
| Classification number | 341.3304009 |
| Item number | DE . H |
| 092 04 - LOCALLY ASSIGNED DEWEY CALL NUMBER (OCLC) | |
| Edition number | 21 |
| 099 ## - LOCAL FREE-TEXT CALL NUMBER (OCLC) | |
| Classification number | Law1 11 341.3304009 DE . H 1981 |
| 100 1# - MAIN ENTRY--PERSONAL NAME | |
| Personal name | Debidour, A. |
| Relator term | Auteur |
| 245 10 - TITLE STATEMENT | |
| Title | Histoire Diplomatique De L'europe Depuis L'ouverture Du Congrès De Vienne Jusqu'à La Fermeture Du Congrès De Berlin (1814-1878). |
| Number of part/section of a work | Tome Second, |
| Name of part/section of a work | La Revolution / |
| Statement of responsibility, etc. | Par A. Debidour. |
| 264 #1 - PRODUCTION, PUBLICATION, DISTRIBUTION, MANUFACTURE, AND COPYRIGHT NOTICE | |
| Place of production, publication, distribution, manufacture | Paris : |
| Name of producer, publisher, distributor, manufacturer | Félix Alcan, |
| Date of production, publication, distribution, manufacture, or copyright notice | 1891. |
| 300 ## - PHYSICAL DESCRIPTION | |
| Extent | 600 page ; |
| Dimensions | 24 cm. |
| 336 ## - CONTENT TYPE | |
| Source | rda contenu |
| Content type term | texte |
| 337 ## - MEDIA TYPE | |
| Source | rda medias |
| Media type term | Ordinateur |
| 338 ## - CARRIER TYPE | |
| Source | transporteur rda |
| Carrier type term | Ressource en ligne |
| 504 ## - BIBLIOGRAPHY, ETC. NOTE | |
| Bibliography, etc. note | Sources given in footnotes at beginning of chapters |
| 546 ## - LANGUAGE NOTE | |
| Language note | Texte en français |
| 650 14 - SUBJECT ADDED ENTRY--TOPICAL TERM | |
| Topical term or geographic name entry element | Diplomatie - Histoiré |
| General subdivision | Droit international public |
| Geographic subdivision | Europe |
| 650 14 - SUBJECT ADDED ENTRY--TOPICAL TERM | |
| Topical term or geographic name entry element | Politics and government |
| 856 40 - ELECTRONIC LOCATION AND ACCESS | |
| Uniform Resource Identifier | <a href="https://fll.law.cu.edu.eg/fulltext/bks/B11-06599.pdf">https://fll.law.cu.edu.eg/fulltext/bks/B11-06599.pdf</a> |
| 905 ## - Cataloger and Reviser Names | |
| Cataloger Name: | Rawan khaled |
| 942 ## - ADDED ENTRY ELEMENTS (KOHA) | |
| Source of classification or shelving scheme | Dewey Decimal Classification |
| Koha item type | Books |
| Edition | 21 |
| Suppress in OPAC | No |
| Withdrawn status | Lost status | Source of classification or shelving scheme | Materials specified (bound volume or other part) | Damaged status | Not for loan | Collection | Home library | Current library | Date acquired | Total checkouts | Full call number | Barcode | Date last seen | Copy number | Price effective from | Koha item type |
|---|---|---|---|---|---|---|---|---|---|---|---|---|---|---|---|---|
| Dewey Decimal Classification | V2 | Not for loan | القانون الدولي العام | جــــامعة القــاهرة | مكتبة كلية الحقوق - المبنى الرئيسي | 06.01.2026 | Law1 11 341.3304009 DE . H 1981 1106599 V2, C1 | B11-06599 | 06.01.2026 | 1 | 06.01.2026 | Books |